303 marketing tips : guaranteed to boost your business

Αποθηκεύτηκε σε:
Λεπτομέρειες βιβλιογραφικής εγγραφής
Άλλοι συγγραφείς: Lesonsky, Rieva (Επιμελητής έκδοσης), Anderson, Leann (Επιμελητής έκδοσης)
Μορφή: Βιβλίο
Γλώσσα:English
Δημοσίευση: [s.l.] : Entepreneur Media Inc., c1999
Θέματα:
Ετικέτες: Προσθήκη ετικέτας
Δεν υπάρχουν, Καταχωρήστε ετικέτα πρώτοι!

MARC

LEADER 00000cam a2200000 i 4500
001 1/94181
008 991126s1999 eng d
020 |a 1-891984-02-0 
035 |l 10054703 
040 |a GR-MY-UA  |b gre  |e aacr 
041 0 |a eng 
082 0 |a 658.8 
245 1 0 |a 303 marketing tips :  |b guaranteed to boost your business /  |c Rieva Lesonsky, editorial director, Entepreneur Magazine and Leann Anderson 
260 |a [s.l.] :   |b Entepreneur Media Inc.,   |c c1999 
300 |a xxviii, 386 p. 
504 |a Includes index 
650 0 0 |a Marketing. 
650 0 0 |a Marketing  |x Management. 
650 0 0 |a Consumer behavior. 
700 0 |a Lesonsky, Rieva.  |4 edt 
700 1 |a Anderson, Leann.  |4 edt 
852 |a INST  |b CHIOS  |e 19991126  |h 658.8 MAR  |p 005200019465  |q 005200019465  |t BK  |y 0 
901 |a BIBL2-1999-3 
909 |a Χ  |b 070189 
922 |a 2ΕΛΗ  |b 199911  |c ΤΝΕΥ  |d Παπασωτηρίου 
950 |a 125-1999-07-15 
970 |a Σπέντζα  |b Ελένη  |z 1999/11/29